000 00567nam a2200229Ia 4500
003 IT-RoPAU
008 120407s9999 xx 000 0 und d
040 _aIT-RoPAU
040 _cIT-RoPAU
041 _aita
100 _aGerhard Lohfink
245 _aGesù come voleva la sua comunità? La chiesa quale dovrebbe essere. Pres. di Franco Ardusso.
250 _aCinisello Balsamo
260 _aEdizioni Paoline
260 _c1987
300 _a248 p.
300 _c21 cm
490 _aProblemi e dibattiti
490 _v15
942 _cBK
999 _c30293
_d30293